000 00836nam a22002057a 4500
999 _c194134
_d194134
005 20230213164334.0
010 _aB-746856-860 E.N.A./7.11.22
020 _a9788178441412
_c995.00
035 _aB-746856-860
037 _bK.K.Publication
082 _a363.73874
100 _aHegde, P. D.
245 _aGlobal warming :
_cby P. D. Hegde
_beffects and remedy /
260 _aNew Delhi
_bK. K. Publications
_c2022
270 _a4806/24, Bharat Ram Road, Darya Ganj
_bNew Delhi
_e110002
300 _a280p. :
_c23cm(Hb)
_bill.
500 _aIncludes bibliographical references and index
942 _2ddc
_cEN
_mHEG
_h363.73874